Top 100 Footballers of the Decade - Statistics

General Stats
  • This quiz has been taken 803 times
  • The average score is 67 of 100
Answer Stats
Rank Clubs Nation Player % Correct
#2 Real Madrid, Juventus Portugal Cristiano Ronaldo
100%
#1 FC Barcelona Argentina Lionel Messi
100%
#7 Ajax, Liverpool, FC Barcelona Uruguay Luis Suarez
97%
#5 Santos, FC Barcelona, PSG Brazil Neymar
97%
#3 FC Barcelona, Vissel Kobe Spain Andres Iniesta
96%
#10 Tottenham Hotspur, Real Madrid Croatia Luka Modric
96%
#4 FC Barcelona, Al-Sadd Spain Xavi
96%
#9 Lech Poznan, Borussia Dortmund, Bayern Munich Poland Robert Lewandowski
95%
#8 Real Madrid Spain Sergio Ramos
92%
#17 FC Barcelona, AC Milan, PSG, Manchester United, LA Galaxy Sweden Zlatan Ibrahimovic
90%
#12 Real Madrid France Karim Benzema
88%
#13 Bayern Munich Netherlands Arjen Robben
86%
#40 Tottenham Hotspur, Real Madrid Wales Gareth Bale
85%
#32 AS Monaco, PSG France Kylian Mbappe
84%
#15 FC Barcelona Spain Sergio Busquets
84%
#29 LOSC Lille, Chelsea, Real Madrid Belgium Eden Hazard
83%
#11 FC Barcelona Spain Gerard Pique
83%
#49 KRC Genk, Chelsea, Werder Bremen, VFL Wolfsburg, Manchester City Belgium Kevin De Bruyne
83%
#20 FC Schalke 04, Bayern Munich Germany Manuel Neuer
83%
#46 Al Mokawloon, FC Basel, Chelsea, Fiorentina, AS Roma, Liverpool Egypt Mohamed Salah
83%
#22 Atletico Madrid, Manchester City Argentina Sergio Aguero
83%
#27 Bayer Leverkusen, Bayern Munich, Real Madrid Germany Toni Kroos
82%
#23 Bayern Munich Germany Philipp Lahm
81%
#26 Real Sociedad, Atletico Madrid, FC Barcelona France Antoine Griezmann
80%
#33 FC Groningen, Celtic, Southampton, Liverpool Netherlands Virgil Van Dijk
80%
#28 Valencia CF, Manchester City Spain David Silva
79%
#21 Bayern Munich, Fiorentina France Franck Ribery
79%
#14 Juventus, PSG Italy Gianluigi Buffon
79%
#6 FC Barcelona, Juventus, PSG, Sao Paulo Brazil Dani Alves
78%
#35 Palermo, Napoli, PSG Uruguay Edinson Cavani
78%
#73 AC Milan, PSG Brazil Thiago Silva
78%
#30 Boulogne, SM Caen, Leicester City, Chelsea France N'Golo Kante
77%
#42 Manchester United, Everton, DC United England Wayne Rooney
77%
#48 SL Benfica, Real Madrid, Manchester United, PSG Argentina Angel Di Maria
76%
#16 Real Madrid Brazil Marcelo
76%
#19 AC Milan, Juventus, New York City FC Italy Andrea Pirlo
75%
#34 Werder Bremen, Real Madrid, Arsenal Germany Mesut Ozil
75%
#69 FC Metz, RB Salzburg, Southampton, Liverpool Senegal Sadio Mane
75%
#25 Real Madrid, FC Porto Spain Iker Casillas
74%
#56 Bayern Munich Germany Thomas Muller
74%
#47 Valencia CF, FC Barcelona, Atletico Madrid, New York City FC, Melbourne City, Vissel Kobe Spain David Villa
73%
#39 Juventus Italy Giorgio Chiellini
72%
#31 Valencia CF, FC Barcelona Spain Jordi Alba
71%
#41 Arsenal, Manchester United, Fenerbahce, Feyenoord Netherlands Robin Van Persie
71%
#45 Udinese, FC Barcelona, Arsenal, Manchester United, Inter Milan Chile Alexis Sanchez
70%
#57 Chelsea, Manchester City, New York City FC England Frank Lampard
70%
#60 KRC Genk, Chelsea, Atletico Madrid, Real Madrid Belgium Thibaut Courtois
70%
#36 Bayern Munich, Manchester United, Chicago Fire Germany Bastian Schweinsteiger
69%
#71 Manchester United, Juventus France Paul Pogba
69%
#54 Tottenham Hotspur, Leyton Orient, Millwall, Norwich City, Leicester City England Harry Kane
68%
#64 Liverpool, LA Galaxy England Steven Gerrard
68%
#24 Real Madrid, Bayern Munich Spain Xabi Alonso
67%
#85 Chelsea, Shanghai Shenhua, Galatasaray, Montreal Impact, Phoenix Rising Ivory Coast Didier Drogba
66%
#38 Real Madrid, Napoli, Juventus, AC Milan, Chelsea Argentina Gonzalo Higuain
66%
#52 Bari, Juventus, AC Milan Italy Leonardo Bonucci
66%
#37 Atletico Madrid, Manchester United Spain David De Gea
65%
#62 RC Lens, Real Madrid France Raphael Varane
65%
#18 FC Barcelona Spain Carles Puyol
64%
#51 FC Porto, Atletico Madrid, AS Monaco, Manchester United, Chelsea, Galatasaray Colombia Radamel Falcao
64%
#55 Arsenal, FC Barcelona, Chelsea, AS Monaco Spain Cesc Fabregas
63%
#68 Real Madrid, Besiktas, FC Porto Portugal Pepe
63%
#63 FC Barcelona, Manchester City, Olympiacos, Qingdao Huanghai Ivory Coast Yaya Toure
63%
#58 Borussia Dortmund, Bayern Munich Germany Mats Hummels
62%
#53 Manchester United, Inter Milan Serbia Nemanja Vidic
62%
#67 Chelsea, Arsenal Czech Republic Petr Cech
62%
#82 RSC Anderlecht, Chelsea, West Bromwich Albion, Everton, Manchester United, Inter Milan Belgium Romelu Lukaku
62%
#97 Banfield, FC Porto, AS Monaco, Real Madrid, Bayern Munich Colombia James Rodriguez
61%
#76 AC Milan, LOSC Lille, AS Monaco, Saint-Etienne, Borussia Dortmund, Arsenal Gabon Pierre-Emerick Aubameyang
61%
#100 Stocksbridge Park Steels, FC Halifax Town, Fleetwood Town, Leicester City England Jamie Vardy
60%
#61 Liverpool, Manchester City England Raheem Sterling
60%
#66 Manchester City, RSC Anderlecht Belgium Vincent Kompany
60%
#44 Inter Milan, Galatasaray, OGC Nice, Al-Gharafa Netherlands Wesley Sneijder
60%
#80 TSG Hoffenheim, Bayern Munich Austria David Alaba
59%
#50 Villarreal CF, Atletico Madrid, Inter Milan Uruguay Diego Godin
59%
#83 Inter Milan, Anzhi Makhachkala,Chelsea, Everton, Sampdoria, Antalyaspor, Konyaspor, Qatar SC Cameroon Samuel Eto'o
58%
#43 FC Barcelona, Chelsea Spain Pedro
57%
#98 Liverpool, Chelsea, AC Milan, Atletico Madrid, Sagan Tosu Spain Fernando Torres
56%
#74 FC Barcelona, Bayern Munich Spain Thiago Alcantara
54%
#95 Borussia Monchengladbach, Borussia Dortmund Germany Marco Reus
53%
#88 Olimpija Ljubljana, SL Benfica, SC Beira-Mar, Olhanense, Uniao De Leiria,Rio Ave, Atletico Madrid Slovenia Jan Oblak
52%
#78 Manchester City, Juventus, Boca Juniors, Shanghai Shenhua Argentina Carlos Tevez
51%
#72 Bayer Leverkusen, Real Madrid Spain Daniel Carvajal
51%
#79 Olympique Lyon, Tottenham Hotspur France Hugo Lloris
51%
#84 Internacional, AS Roma, Liverpool Brazil Alisson
50%
#65 Hamburger SV, Manchester City, Bayern Munich Germany Jerome Boateng
50%
#77 Atletico Madrid, Inter Milan, Internacional, Cerezo Osaka, Penarol, Mumbai City, Kitchee Uruguay Diego Forlan
48%
#59 Chelsea, Aston Villa England John Terry
48%
#99 Saprissa, Albacete, Levante UD, Real Madrid, PSG Costa Rica Keylor Navas
48%
#75 Liverpool, FC Barcelona, Hebei China Fortune, Estudiantes Argentina Javier Mascherano
47%
#92 Figueirense, TSG Hoffenheim, Liverpool Brazil Roberto Firmino
47%
#87 Bayern Munich, Lazio Germany Miroslav Klose
44%
#70 Real Valladolid, Atletico Madrid, Rayo Vallecano, Chelsea Spain Diego Costa
41%
#96 Manchester United, QPR England Rio Ferdinand
41%
#81 Udinese Italy Antonio Di Natale
36%
#90 Chelsea, AS Roma, LA Galaxy, Derby County England Ashley Cole
35%
#86 AS Roma Italy Daniele De Rossi
34%
#94 Dinamo Zagreb, VFL Wolfsburg, Bayern Munich, Atletico Madrid, Juventus, Al-Duhail Croatia Mario Mandzukic
34%
#93 Chelsea, Zenit St. Petersburg Serbia Branislav Ivanovic
31%
#91 VFL Wolfsburg, Juventus Italy Andrea Barzagli
24%
#89 Inter Milan, Manchester City, AS Roma, Avai, Criciuma Brazil Maicon
19%
No matching quizzes found
Score Distribution
Percent of People with Each Score
Percentile by Number Answered
Your Score History
You have not taken this quiz